000 00709cam a2200241 a 4500
008
020 _a0333459989 (pbk. )
049 _aMAIN
090 _aTE145
_bSAL
100 1 _aSalter, Richard J.
245 1 0 _aHighway design and construction /
_cR.J. Salter.
250 _a2nd ed.
260 _aBasingstoke Hampshire :
_bMacmillan Press Ltd,
_c1988.
300 _ax, 286 p. :
_bill ;
_c24 cm.
500 _aIncludes index.
650 0 _aPavements
_xDesign and construction.
650 0 _aRoads
_xDesign and construction.
907 _a.b10070357
_b16-06-08
_c17-04-03
003
005 20230123134100.0
040 _cNUST
942 _cBOOKS
_kTE145
_mSAL
999 _c159729
_d159729